00881 2200325 4500001002100000005001700021008004100038020002200079035002400101040001200125082001600137084001800153100001900171245007000190250001100260260003200271300003200303650003800335850001200373990001700385990001700402990001700419990001700436990001700453990001700470990001700487990001700504990001700521990001700538INLIS00000000002165720160801100049.0  a978-602-98195-9-5 0010-081600000000014 aYOPDYOG 223a338.371 a338.371 Ahm B aAhmad Cahyanto aBeternak kakap pantang gagalc/ Ahmad Cahyanto; editor, Tristanti aCet. 1 aYogyakartabLiterindoc2016 a120 hlm.b; ilus.c; 21 cm. aPerikanan - Aspek Ekonomi (Kakap) aYOPDYOG a8409-KS/B.16 a8410-KS/B.16 a8411-KS/B.16 a8412-KS/B.16 a8413-KS/B.16 a8414-KS/B.16 a8415-KS/B.16 a8416-KS/B.16 a8417-KS/B.16 a8418-KS/B.16